Rap-Citation #2 - Statistiques

Statistiques générales
  • Ce quiz a été pris 165 fois
  • Le résultat moyen est 5 sur 15
Statistiques - réponses
Hint Réponse % Correct
Mal vieillir comme un vieux punk, quand tu crois qu't'es Bart mais t'es Monsieur Burns Orelsan
61%
On m'a dit "ne te rate pas", y'a personne qui m'aide, j'aime pas le rap, moi, c'est le rap qui m'aime Youssoupha
55%
Je tire et je tue, tu meurs et c'est tout, t'avais qu'à fermer ta grande gueule Damso
52%
Les billets bleus sont devenus violets, les rouges sont devenus verts PNL
49%
On s'aime et on s'attire, j'viens de comprendre pourquoi on dit des aimants Lomepal
48%
Progressiste hétéro, je baise tout, ça m'apaise, mais finalement dis-moi c'que ça résout Vald
41%
On attend la surprise comme les Kinders, Pour éviter de dire "les enfants, j'ai rencontré maman sur Tinder" Bigflo et Oli
36%
J'fais qu'des sons qui tuent, mec j'ai compris l'truc, en vrai j'donne aux cochons de la confiture Alkpote
32%
Y'a des gens qui chassent les migrants dans les Alpes, nan, des mecs de mon âge, qui r'fusent les blocus dans les facs Georgio
28%
Entre nuits Fauves et noces rebelles, ça y est, j'ai plus l'temps d'une querelle, elle finira grosse en attendant qu'j'retombe amoureux d'elle Gringe
26%
J'veux pas rater l'but, c'est c'que vivent les surveillants dans les stades Mister V
26%
Moi qui voulais pas voyager parce qu'on allait se séparer, toi tu te retrouves à te balader avec nous et ça c'est carré 47Ter
25%
J'suis presque un meuble, qu'on peut pas déplacer, comme une encre impossible à effacer Sniper
24%
Khabat, j'ai plus de soucis, demain, c'est férié comme la Toussaint PLK
22%
Trouve-moi dans un musée comme cette pute de Joconde, j'ai de quoi m'amuser, billets, billets, je compte Caballero & JeanJass
18%
Aucun quiz correspondant
Distribution des résultats
% des personnes avec chaque résultat
Percentile par nombre de réponses
Votre historique - résultats
Vous n’avez pas pris ce quiz